000 00503nam a2200181Ia 4500
003 IN-BaIIA
008 211028s9999 xx 000 0 eng d
040 _cIIA Library
080 _a[8]:01:00
_bOLE
100 _aO'Leary, Brian
_97123
245 4 _aThe Making of an ex-astronaut
_cBrain O'Leary
260 _aLondon
_bMichael Joseph
_c1970
300 _axii, 243p.
650 _aAstronomy and astrophysics thesaurus
650 _aCool stars
_95425
650 _aStellar atmospheres
_91135
942 _cBK
999 _c4029
_d4029